000 00501nam a2200181Ia 4500
005 20250923144500.0
008 008 250917s9999 xx 000 0 eng d
037 _aTextual
040 _aDSWL
_beng
_cDSWL
041 _aeng
_2eng
084 _qDSWL
100 _aCronbach, Lee.J.
_9825342
245 0 _aEssentials of psychological testing
_cby Lee.J. Cronbach
260 _aNew York
_b Harper & Bros
_c1949
300 _axiii,475p.
942 _cTEXL
999 _c1439447
_d1439447